Statistics for premier league clubs 22/23

Click here to take the quiz!

General Stats

  • This quiz has been taken 51 times
  • The average score is 18 of 20

Answer Stats

Answer% Correct
6Chelsea
100%
12Liverpool
100%
13Manchester City
100%
14Manchester United
100%
18Tottenham Hotspur
100%
2Arsenal
98%
19West Ham United
98%
20Wolverhampton wanderers
98%
5Brighton & Hove Albion
93%
8Everton
93%
15Newcastle United
93%
16Nottingham Forest
90%
1AFC Bournemouth
88%
3Aston Villa
88%
10Leeds United
88%
9Fulham
85%
4Brentford
83%
7Crystal Palace
83%
11Leicester City
83%
17Southampton
83%

Score Distribution

Percentile by Number Answered

Percent of People with Each Score

Your Score History

You have not taken this quiz